00437nam a22001697a 450000500170000001000150001702000260003203500140005803700090007208200090008110000210009024500260011125000060013726000340014327000700017730000200024720260522161218.0 aENG-148603 a9789392210297c205.00 aEN-132135 bDBAD aS21 aKipling, Rudyard aKim/cRudyard Kipling a1 aChandigarhbThe Browserc2024 bChandigarhaSCO 14-15, Sector 8-Ce160009mservice@thebrowser.org a303p.c20cm(pb)